00658nam a22001455i 4500001000700000003000900007005001700016008004100033100003500074245008300109260007500192300002100267500008900288852013500377174036ES-MaACL20231223063116.0100209s1900 sp |||| | spa d1 aDicenta, Joaquín,d1863-191713aEl león de bronce b: monólogo en prosa / coriginal de Joaquín Dicenta. aMadrid : bAdministación Lírico-Dramática, c1900 (fR. Velasco) a14 p. ; c20 cm. aEn port.: Estrenado en el teatro Principal de Alicante el día 30 de abril de 1900. aES-MaACLjF-8645(7) zEnc. hol. z.- Enc. en un vol. facticio formando parte de la col. facticia "Teatro español moderno" v. 102